000 00492nam a22001937a 4500
003 koha_MIRAKIL
005 20231213100231.0
008 231213b |||||||| |||| 00| 0 ||| d
020 _b978-9-75211905-5
040 _aTR-IsEVY
_btur
_cTR-IsEVY
082 _a813.42 ŞEK/M
100 _aŞeker, Hüsnan.
245 0 _aMektup arkadaşı aranıyor
260 _bAltın Kitaplar,
_c2014
300 _a149 s.
650 _aTürk romanı.
650 _aTurkish fiction.
942 _2ddc
_cBK
999 _c16708
_d16708